El ingenioso hidalgo don quijote de la mancha /

Guardado en:
Autor Principal: Cervantes Saavedra, Miguel de
Formato: Libro
Publicado: Buenos Aires : Sopena, 1938
Materias:
Etiquetas: Agregar Etiqueta
Sin Etiquetas, Sea el primero en etiquetar este registro!
LEADER 00533nam a22001695a 4500
001 CEM.cems001563
005 20060215000000.0
008 130507s1938##################000#0#####d
003 CEMS
082 0 4 |a 863.3 
100 1 |a Cervantes Saavedra, Miguel de 
245 1 0 |a El ingenioso hidalgo don quijote de la mancha /  |c Miguel de Cervantes Saavedra 
260 |a Buenos Aires :  |b Sopena,  |c 1938 
300 |a 486 p. 
653 |a Literatura 
653 |a Novela española-siglo de oro 
859 |a CEMS  |b BIB. CEMS - 11 de abril  |h 863.3  |i C337-3  |p 11696.83  |t Ej.1